[Event "Hiroshima Chushikoku-ch"]
[Site "Hiroshima"]
[Date "2023.02.04"]
[Round "1"]
[White "Iizuka, Hiroshi"]
[Black "Onishi, Kosuke"]
[Result "0-1"]
[WhiteElo "1322"]
[BlackElo "1798"]
[PlyCount "57"]
[EventDate "2023.02.04"]
[EventType "swiss"]
[EventRounds "5"]
[EventCountry "JPN"]
[SourceTitle "CBM 212 Extra"]
[Source "ChessBase"]
[SourceDate "2023.03.31"]
[SourceVersion "1"]
[SourceVersionDate "2023.03.31"]
[SourceQuality "1"]

1. e4 e5 2. Nf3 Nc6 3. Bc4 Bc5 4. c3 Nf6 5. d4 exd4 6. cxd4 Bb4+ 7. Bd2 Bxd2+ 8. Nbxd2 d5 9. exd5 Nxd5 10. Qb3 Nce7 11. 0-0 0-0 12. h3 c6 13. Ne4 h6 14. Rad1 Qb6 15. Qxb6 axb6 16. a3 Rd8 17. Ng3 Be6 18. Rfe1 Kf8 19. Bb3 Nf4 20. Bxe6 Nxe6 21. Re2 Ra5 22. Red2 Rb5 23. Ne2 Nd5 24. Kf1 Ra8 25. Ne5 Rba5 26. Nc4 R5a7 27. Rd3 Rd8 28. Ne5 Ke7 29. Nc3 0-1